| 000 | 00989cab a2200301 4500 | ||
|---|---|---|---|
| 001 | ABS51574 | ||
| 008 | 090401t1994 xxu||||| |||| 00| 0 eng d | ||
| 035 | _a(Sirsi) u33833 | ||
| 041 | _aeng | ||
| 100 | _aWatts, R. | ||
| 245 | _aFixtures and fittings - an update | ||
| 260 | _c1994 | ||
| 350 | _a0 | ||
| 490 |
_aCSM (Chartered Surveyor Monthly) _v4(1) October 1994, 24(1) |
||
| 520 | _aDistinguishes between fixtures and fittings and contrasts these with chattels. Cites notable cases and applies the legal principles to dilapidations, with reference to carpets and partitions in particular. | ||
| 650 | _aBERKELEY V POULETT | ||
| 650 | _aFIXTURES AND FITTINGS | ||
| 650 | _aHAMP V BYGRAVE | ||
| 650 | _aLANDLORD AND TENANT ACT 1954 | ||
| 650 | _aREPAIR | ||
| 650 | _aREPAIRING COVENANTS | ||
| 650 | _aTENANTS FIXTURES | ||
| 650 | _aTRADE FIXTURES | ||
| 650 | _aWEBB V FRANK BEVIS | ||
| 690 | _aPROPERTY-LANDLORD AND TENANT | ||
| 942 | _n0 | ||
| 948 | _c04/03/1997 | ||
| 999 |
_c22518 _d22518 |
||